UM Logo

A detailed lesson plan in english V/ (Record no. 10012)

MARC details
000 -LEADER
fixed length control field 00549nam a2200157 4500
008 - FIXED-LENGTH DATA ELEMENTS--GENERAL INFORMATION
fixed length control field 180725b ||||| |||| 00| 0 eng d
022 ## - INTERNATIONAL STANDARD SERIAL NUMBER
International Standard Serial Number 2094-8042
082 ## - DEWEY DECIMAL CLASSIFICATION NUMBER
Classification number DPer 370.105 M72 Jan-Dec 2011
100 ## - MAIN ENTRY--PERSONAL NAME
9 (RLIN) 29576
Personal name Dela Cruz, Zenaida S.
245 ## - TITLE STATEMENT
Title A detailed lesson plan in english V/
Statement of responsibility, etc. Zenaida S. Dela Cruz.
260 ## - PUBLICATION, DISTRIBUTION, ETC. (IMPRINT)
Place of publication, distribution, etc. Philippines;
Name of publisher, distributor, etc. In The Grade School, Inc.,
Date of publication, distribution, etc. c2011.
300 ## - PHYSICAL DESCRIPTION
Extent v59 n9, pages 371-375+:
Other physical details illustrations;
Dimensions 27cm.
500 ## - GENERAL NOTE
General note The modern teacher.
650 #0 - SUBJECT ADDED ENTRY--TOPICAL TERM
9 (RLIN) 33053
Topical term or geographic name as entry element Programmed instruction -- English.
942 ## - ADDED ENTRY ELEMENTS (KOHA)
Source of classification or shelving scheme Dewey Decimal Classification
Koha item type Periodicals
Holdings
Withdrawn status Lost status Source of classification or shelving scheme Damaged status Not for loan Collection code Home library Current library Date acquired Total Checkouts Full call number Date last seen Price effective from Koha item type Public note
    Dewey Decimal Classification     Periodicals UM Digos College - LIC UM Digos College - LIC 07/25/2018   DPer 370.105 M72 Jan-Dec 2011 07/25/2018 07/25/2018 Periodicals Periodical article